[Event "FRA-ch Blitz"]
[Site "Saint Maur des Fosses"]
[Date "2025.06.15"]
[Round "12"]
[White "Bellahcene, Bilel"]
[Black "Materia, Marco"]
[Result "1-0"]
[WhiteElo "2579"]
[BlackElo "2483"]
[PlyCount "137"]
[EventDate "2025.06.15"]
[EventType "swiss"]
[EventRounds "13"]
[EventCountry "FRA"]
[SourceTitle "CB25_2025"]
[SourceDate "2025.06.18"]
[SourceVersion "1"]
[SourceVersionDate "2025.06.18"]
[SourceQuality "1"]

1. e4 c5 2. Nf3 e6 3. d4 cxd4 4. Nxd4 Nc6 5. Nc3 Qc7 6. Be3 a6 7. a3 b5 8. Nxc6 dxc6 9. Qf3 e5 10. g4 Be6 11. g5 Ne7 12. h4 h5 13. gxh6 gxh6 14. h5 Rg8 15. Bh3 Bxh3 16. Qxh3 Rd8 17. Ne2 Nc8 18. Ng3 Nd6 19. 0-0-0 Qc8 20. Nf5 Nxf5 21. Rxd8+ Kxd8 22. exf5 Kc7 23. Qf3 Qe8 24. Qe4 f6 25. Qd3 Qd7 26. Qc3 Kb7 27. Rd1 Qc7 28. Qb3 Rh8 29. Qe6 Rh7 30. Qxf6 Rf7 31. Qe6 Re7 32. Qg6 Rf7 33. Kb1 e4 34. f6 Rd7 35. Rxd7 Qxd7 36. Kc1 b4 37. axb4 Bxb4 38. Qxe4 a5 39. c3 Bd6 40. Qd4 Kc8 41. f7 Bf8 42. Qb6 Qxf7 43. Qxa5 Qf3 44. Qa8+ Kd7 45. Qa7+ Ke6 46. Qa2+ Kd7 47. Qg8 Qh1+ 48. Kd2 Be7 49. Qg4+ Kc7 50. Bxh6 Qd5+ 51. Kc2 c5 52. Bf4+ Kb6 53. Be3 Kc7 54. c4 Qc6 55. Qg3+ Kb7 56. Qg7 Qa4+ 57. b3 Qa2+ 58. Qb2 Qa6 59. Kd1 Qd6+ 60. Ke2 Qe6 61. Qg7 Qe4 62. Qg6 Qe5 63. h6 Qb2+ 64. Kf3 Qxb3 65. h7 Qd1+ 66. Kg2 Qa1 67. Qe4+ Kb6 68. Qe6+ Ka5 69. Qxe7 1-0

[Event "FRA-ch Blitz"]
[Site "Saint Maur des Fosses"]
[Date "2025.06.15"]
[Round "8"]
[White "Boyer, Mahel"]
[Black "Materia, Marco"]
[Result "0-1"]
[WhiteElo "2489"]
[BlackElo "2483"]
[PlyCount "198"]
[EventDate "2025.06.15"]
[EventType "swiss"]
[EventRounds "13"]
[EventCountry "FRA"]
[SourceTitle "CB25_2025"]
[SourceDate "2025.06.18"]
[SourceVersion "1"]
[SourceVersionDate "2025.06.18"]
[SourceQuality "1"]

1. d4 Nf6 2. c4 e6 3. Nf3 d5 4. Nc3 Nbd7 5. g3 Be7 6. Bg2 0-0 7. 0-0 c6 8. Qd3 b6 9. e4 Ba6 10. b3 b5 11. cxd5 cxd5 12. exd5 Qb6 13. Qe3 b4 14. Na4 Qd6 15. dxe6 Bxf1 16. exf7+ Rxf7 17. Bxf1 Nd5 18. Qe4 Raf8 19. Bc4 Rxf3 20. Bxd5+ Kh8 21. Qxf3 Rxf3 22. Bxf3 Qxd4 23. Bb2 Qd3 24. Kg2 h6 25. Rd1 Qf5 26. Rd5 Qe6 27. Bd4 a6 28. Nb2 Bf6 29. Nc4 Bxd4 30. Rxd4 Nc5 31. Rd5 Qe7 32. Nd6 Nd7 33. Nf5 Qe6 34. Nd4 Qf7 35. Nc6 Nf6 36. Rd8+ Kh7 37. Nxb4 Qc7 38. Nc6 g5 39. h3 h5 40. Rd4 g4 41. hxg4 hxg4 42. Bxg4 Qxc6+ 43. Bf3 Qc5 44. Ra4 a5 45. Rf4 Kg6 46. Rc4 Qe5 47. Ra4 Qc3 48. Rc4 Qd2 49. Ra4 Kf7 50. a3 Nd7 51. b4 axb4 52. Rxb4 Ne5 53. Rf4+ Ke7 54. Re4 Kd6 55. Re2 Qd3 56. Re3 Qd4 57. Re4 Qc5 58. Re3 Qc2 59. Re2 Qc1 60. Re3 Nc4 61. Rd3+ Ke5 62. Rd5+ Kf6 63. Rd3 Nd2 64. Be2 Qc6+ 65. Kg1 Qc2 66. Kg2 Ne4 67. Rf3+ Kg5 68. Re3 Nc3 69. Bf3 Qb2 70. a4 Nxa4 71. Re2 Qb6 72. Re4 Nc5 73. Rg4+ Kf6 74. Rf4+ Ke5 75. Rc4 Nd3 76. Re4+ Kf6 77. Re2 Qb4 78. Be4 Nc5 79. Bf3 Ne6 80. Re4 Qd2 81. Bg4 Nc5 82. Re2 Qd4 83. Bf3 Nd3 84. Kf1 Qa1+ 85. Kg2 Ne1+ 86. Rxe1 Qxe1 87. Bg4 Ke5 88. Bc8 Kd4 89. Bb7 Kc3 90. f4 Kd4 91. Kh3 Ke3 92. f5 Qb4 93. Bd5 Qd6 94. Be6 Kf2 95. Kg4 Qxg3+ 96. Kh5 Qg7 97. Bb3 Kg3 98. Bd1 Kf4 99. Bg4 Qh7# 0-1

[Event "FRA-ch Blitz"]
[Site "Saint Maur des Fosses"]
[Date "2025.06.15"]
[Round "10"]
[White "Edouard, Romain"]
[Black "Materia, Marco"]
[Result "0-1"]
[WhiteElo "2553"]
[BlackElo "2483"]
[PlyCount "118"]
[EventDate "2025.06.15"]
[EventType "swiss"]
[EventRounds "13"]
[EventCountry "FRA"]
[SourceTitle "CB25_2025"]
[SourceDate "2025.06.18"]
[SourceVersion "1"]
[SourceVersionDate "2025.06.18"]
[SourceQuality "1"]

1. Nf3 d5 2. g3 Nf6 3. Bg2 e6 4. d4 Be7 5. c4 0-0 6. Nc3 c6 7. 0-0 a5 8. Nd2 Nbd7 9. e4 dxe4 10. Ndxe4 Nxe4 11. Nxe4 f5 12. Nc3 e5 13. d5 e4 14. Bf4 g5 15. dxc6 bxc6 16. Bd6 Nc5 17. Bxe7 Qxe7 18. Qe2 Be6 19. Rad1 Bf7 20. Rd2 Rae8 21. b3 f4 22. Bh3 Bg6 23. Rfd1 Nd3 24. Bf1 fxg3 25. hxg3 Rxf2 26. Qe3 Rf3 27. Rxd3 Rxe3 28. Rxe3 Qc5 29. Rde1 Rd8 30. Kh2 Rd2+ 31. Bg2 Rd3 32. Nxe4 Qxe3 33. Rxe3 Rxe3 34. Nxg5 Re2 35. Kg1 Be8 36. Ne4 Rxa2 37. Nf6+ Kf7 38. Nxe8 Kxe8 39. Bxc6+ Ke7 40. Kf1 Kd6 41. Ba4 Kc5 42. g4 h6 43. Kg1 Kb4 44. Kf1 Kc5 45. Bd7 Kb4 46. Ba4 Rxa4 47. bxa4 Kxc4 48. Ke2 Kb4 49. Kd3 Kxa4 50. Kc4 Ka3 51. Kc3 a4 52. Kc2 Kb4 53. Kb2 Kc4 54. Ka3 Kd4 55. Kxa4 Ke4 56. Kb3 Kf4 57. Kc2 Kxg4 58. Kd2 Kf3 59. Ke1 Kg2 0-1

[Event "FRA-ch Blitz"]
[Site "Saint Maur des Fosses"]
[Date "2025.06.15"]
[Round "9"]
[White "Materia, Marco"]
[Black "Fressinet, Laurent"]
[Result "1/2-1/2"]
[WhiteElo "2483"]
[BlackElo "2548"]
[PlyCount "43"]
[EventDate "2025.06.15"]
[EventType "swiss"]
[EventRounds "13"]
[EventCountry "FRA"]
[SourceTitle "CB25_2025"]
[SourceDate "2025.06.18"]
[SourceVersion "1"]
[SourceVersionDate "2025.06.18"]
[SourceQuality "1"]

1. Nf3 d5 2. b3 Nf6 3. Bb2 e6 4. c4 Be7 5. e3 0-0 6. Nc3 c5 7. cxd5 exd5 8. d4 Nc6 9. Be2 Ne4 10. 0-0 Bf6 11. Na4 cxd4 12. Nxd4 Bd7 13. Rc1 Nxd4 14. Bxd4 Bxa4 15. bxa4 Rc8 16. Rxc8 Qxc8 17. Bxf6 Nxf6 18. Qd4 b6 19. Qb2 Qe6 20. Rc1 Rc8 21. h3 h6 22. Ba6 1/2-1/2

[Event "FRA-ch Rapid"]
[Site "Saint Maur des Fosses"]
[Date "2025.06.14"]
[Round "6"]
[White "Bellahcene, Bilel"]
[Black "Materia, Marco"]
[Result "1/2-1/2"]
[WhiteElo "2551"]
[BlackElo "2467"]
[PlyCount "78"]
[EventDate "2025.06.14"]
[EventType "swiss"]
[EventRounds "9"]
[EventCountry "FRA"]
[SourceTitle "CB25_2025"]
[SourceDate "2025.06.18"]
[SourceVersion "1"]
[SourceVersionDate "2025.06.18"]
[SourceQuality "1"]

1. e4 c5 2. Nf3 e6 3. d4 cxd4 4. Nxd4 Nc6 5. Nc3 Qc7 6. Be3 a6 7. a3 b5 8. Nxc6 dxc6 9. Qf3 e5 10. Qg3 h5 11. f4 h4 12. Qf2 exf4 13. Bxf4 Bd6 14. Bxd6 Qxd6 15. Bd3 Ne7 16. 0-0 Be6 17. e5 Qxe5 18. Rae1 Qh5 19. Qf4 Rd8 20. Re5 Qg4 21. Qxg4 Bxg4 22. Rg5 Be6 23. Rxg7 c5 24. Rg5 c4 25. Be4 Rh6 26. h3 Rd2 27. Rf2 Rxf2 28. Kxf2 Kd7 29. Ke3 f6 30. Rg7 Ke8 31. Rh7 Rxh7 32. Bxh7 f5 33. Kf4 Bc8 34. Ke5 Nc6+ 35. Kf6 Nd4 36. Nd5 Nxc2 37. Bg6+ Kd8 38. Kg5 Bb7 39. Bxf5 Bxd5 1/2-1/2

[Event "FRA-ch Rapid"]
[Site "Saint Maur des Fosses"]
[Date "2025.06.14"]
[Round "5"]
[White "Materia, Marco"]
[Black "Droin, Augustin"]
[Result "1-0"]
[WhiteElo "2467"]
[BlackElo "2513"]
[PlyCount "83"]
[EventDate "2025.06.14"]
[EventType "swiss"]
[EventRounds "9"]
[EventCountry "FRA"]
[SourceTitle "CB25_2025"]
[SourceDate "2025.06.18"]
[SourceVersion "1"]
[SourceVersionDate "2025.06.18"]
[SourceQuality "1"]

1. Nf3 Nf6 2. c4 e6 3. b3 d5 4. Bb2 b6 5. cxd5 exd5 6. g3 Be7 7. Bg2 0-0 8. 0-0 Re8 9. d4 Bb7 10. Nc3 Nbd7 11. Rc1 a6 12. e3 Bf8 13. Rc2 Rc8 14. Ne2 Ne4 15. Nf4 a5 16. Qc1 Bd6 17. Nd3 c5 18. dxc5 bxc5 19. Rd1 a4 20. Nd2 axb3 21. axb3 f5 22. Bh3 Ng5 23. Bxf5 Rf8 24. Bg4 d4 25. exd4 h5 26. Nc4 Bb8 27. Bxh5 Nh3+ 28. Kf1 Nf6 29. Be2 Qd5 30. f3 Qh5 31. Nce5 Ng4 32. Ke1 Nxe5 33. Nxe5 Bxe5 34. f4 Bf3 35. dxe5 Nxf4 36. Bc4+ Kh8 37. Rd7 Qg6 38. gxf4 Qe4+ 39. Kf2 Rxf4 40. Rf7 Rf8 41. Qxf4 Qxc2+ 42. Kxf3 1-0

[Event "FRA-ch Rapid"]
[Site "Saint Maur des Fosses"]
[Date "2025.06.14"]
[Round "8"]
[White "Materia, Marco"]
[Black "Lagarde, Maxime"]
[Result "1-0"]
[WhiteElo "2467"]
[BlackElo "2581"]
[PlyCount "65"]
[EventDate "2025.06.14"]
[EventType "swiss"]
[EventRounds "9"]
[EventCountry "FRA"]
[SourceTitle "CB25_2025"]
[SourceDate "2025.06.18"]
[SourceVersion "1"]
[SourceVersionDate "2025.06.18"]
[SourceQuality "1"]

1. d4 Nf6 2. c4 c5 3. d5 b5 4. cxb5 a6 5. e3 axb5 6. Bxb5 Qa5+ 7. Nc3 Bb7 8. Bd2 Qb6 9. a4 Nxd5 10. Nf3 e6 11. e4 Nb4 12. 0-0 Be7 13. Ne5 0-0 14. Qg4 Qc7 15. Nc4 Kh8 16. Rad1 d6 17. Bg5 Bxg5 18. Qxg5 d5 19. exd5 exd5 20. Ne3 d4 21. Ncd5 Nxd5 22. Nxd5 Qd6 23. Ne7 f6 24. Qxg7+ Kxg7 25. Nf5+ Kg6 26. Nxd6 Ba6 27. b4 Bxb5 28. axb5 cxb4 29. Rxd4 Rd8 30. h3 f5 31. Nxf5 Rxd4 32. Nxd4 Nd7 33. Rb1 1-0

[Event "FRA-ch Rapid"]
[Site "Saint Maur des Fosses"]
[Date "2025.06.14"]
[Round "4"]
[White "Shirazi, Kamran"]
[Black "Materia, Marco"]
[Result "0-1"]
[WhiteElo "2288"]
[BlackElo "2467"]
[PlyCount "54"]
[EventDate "2025.06.14"]
[EventType "swiss"]
[EventRounds "9"]
[EventCountry "FRA"]
[SourceTitle "CB25_2025"]
[SourceDate "2025.06.18"]
[SourceVersion "1"]
[SourceVersionDate "2025.06.18"]
[SourceQuality "1"]

1. e4 c5 2. b4 cxb4 3. a3 e6 4. Bb2 bxa3 5. Nxa3 Nc6 6. c4 d6 7. f4 Nf6 8. Qb1 g6 9. Nb5 Be7 10. Nf3 0-0 11. Be2 a6 12. 0-0 Bd7 13. Nxd6 Bxd6 14. e5 Be7 15. exf6 Bxf6 16. Bxf6 Qxf6 17. Qxb7 Ra7 18. Qb6 Qxf4 19. Rxa6 Rb8 20. Rxa7 Rxb6 21. Rxd7 Rb2 22. g3 Qb8 23. Ng5 Ne5 24. Re7 Qd8 25. Rexf7 Nxf7 26. Nxf7 Qxd2 27. Rf2 Qe1+ 0-1

[Event "ChessKid Youth U16 KO"]
[Site "Chess.com INT"]
[Date "2025.06.08"]
[Round "1.1"]
[White "Woodward, Andy"]
[Black "Materia, Marco"]
[Result "1-0"]
[WhiteElo "2567"]
[BlackElo "2489"]
[PlyCount "87"]
[EventDate "2025.06.08"]
[EventType "k.o. (blitz)"]
[EventRounds "2"]
[EventCountry "USA"]
[SourceTitle "CB26_2025"]
[SourceDate "2025.06.25"]
[SourceVersion "1"]
[SourceVersionDate "2025.06.25"]
[SourceQuality "1"]

1. d4 Nf6 2. c4 e6 3. Nf3 d5 4. g3 Bb4+ 5. Bd2 Bd6 6. Bg2 0-0 7. 0-0 Nbd7 8. Qc2 c6 9. Rd1 Ne4 10. Be1 f5 11. a3 Qe7 12. e3 b6 13. Nc3 Bb7 14. Ne2 Rac8 15. Rac1 g5 16. Nd2 Ndf6 17. f3 Nxd2 18. Bxd2 c5 19. dxc5 Bxc5 20. b4 Bd6 21. Qa4 dxc4 22. Qxa7 Nd5 23. Nc3 Ra8 24. Nxd5 exd5 25. Qxb6 Rxa3 26. Bc3 Rxc3 27. Rxc3 Bxb4 28. Rc2 Bc5 29. Qb5 Bxe3+ 30. Kh1 f4 31. Rb2 Rf7 32. Rc2 fxg3 33. f4 gxf4 34. Bxd5 Bxd5+ 35. Qxd5 Kg7 36. Rxc4 gxh2 37. Qf3 Rf6 38. Rb1 Qe5 39. Rc2 Rg6 40. Rb7+ Kh6 41. Rxh2+ Kg5 42. Rh5+ Kf6 43. Qc6+ Qe6 44. Qc3+ 1-0

[Event "ChessKid Youth U16 GpA"]
[Site "Chess.com INT"]
[Date "2025.06.07"]
[Round "2"]
[White "Erdogmus, Yagiz Kaan"]
[Black "Materia, Marco"]
[Result "1/2-1/2"]
[WhiteElo "2626"]
[BlackElo "2489"]
[PlyCount "280"]
[EventDate "2025.06.07"]
[EventType "tourn (blitz)"]
[EventRounds "10"]
[EventCountry "USA"]
[EventCategory "11"]
[SourceTitle "CB26_2025"]
[SourceDate "2025.06.25"]
[SourceVersion "1"]
[SourceVersionDate "2025.06.25"]
[SourceQuality "1"]

1. b3 d5 2. Bb2 Bf5 3. d3 Nf6 4. Nd2 e6 5. g3 h6 6. Bg2 Bh7 7. e4 Be7 8. Nh3 0-0 9. 0-0 a5 10. exd5 exd5 11. Nf4 c6 12. Re1 Nbd7 13. Bh3 a4 14. Nf1 Bb4 15. Re2 a3 16. Bd4 c5 17. Be3 Bc3 18. Rb1 Re8 19. Bg2 Nf8 20. Bxc5 Rxe2 21. Nxe2 Bb2 22. Ne3 Ne6 23. Bb4 Rc8 24. Qd2 b5 25. Nd1 Ng4 26. Nxb2 axb2 27. h3 Ne5 28. Rxb2 Qf6 29. Bc3 Nf3+ 30. Bxf3 Qxf3 31. Qe3 Qh5 32. g4 Qh4 33. Qg3 Qe7 34. Bd2 Qa3 35. Qe5 Bg6 36. b4 Kh7 37. f4 f6 38. Qxe6 Re8 39. Rb3 Qxb3 40. axb3 Rxe6 41. Nd4 Ra6 42. Nxb5 Ra2 43. f5 Be8 44. Nd4 Kg8 45. Kf2 Kf7 46. Bf4 Ke7 47. b5 Kd7 48. b6 Kc8 49. Bd6 g6 50. Be7 gxf5 51. gxf5 Bh5 52. Bxf6 Bd1 53. Be7 Bxc2 54. Ke3 Bd1 55. f6 Bh5 56. Nf5 Kb7 57. f7 Re2+ 58. Kf4 Bxf7 59. Bc5 Bg6 60. Nd6+ Kb8 61. d4 Rh2 62. Kg3 Rb2 63. b4 Rb3+ 64. Kg4 Bc2 65. h4 Bd1+ 66. Kf4 Rh3 67. Nf5 Rf3+ 68. Ke5 Bb3 69. Nxh6 Bc2 70. Kxd5 Kb7 71. Ng4 Rf4 72. Ne5 Rxh4 73. Ke6 Bb3+ 74. Kf5 Rh5+ 75. Kf6 Rh6+ 76. Kg7 Rh1 77. Ng6 Rg1 78. Kf6 Rf1+ 79. Ke5 Re1+ 80. Kf4 Rf1+ 81. Ke3 Bc4 82. Ne5 Bd5 83. Kd2 Rf2+ 84. Ke3 Rf1 85. Nd3 Rf3+ 86. Ke2 Rh3 87. Nf4 Rh2+ 88. Ke3 Bc4 89. d5 Rh1 90. Kd4 Bb3 91. d6 Rd1+ 92. Ke5 Kc6 93. Ng6 Re1+ 94. Kf4 Be6 95. Ne5+ Kb7 96. Nf3 Rd1 97. Nd4 Bd7 98. Ke5 Rf1 99. Nc2 Rf5+ 100. Kd4 Rf4+ 101. Ke5 Rf5+ 102. Ke4 Rh5 103. Ne3 Rh4+ 104. Ke5 Rh5+ 105. Kf6 Rh6+ 106. Ke7 Rh7+ 107. Kd8 Bc6 108. Nc4 Rd7+ 109. Ke8 Rxd6+ 110. Ke7 Rd7+ 111. Kf6 Bh1 112. Ke6 Rd1 113. Nd6+ Kb8 114. Ke5 Rd5+ 115. Ke6 Rd2 116. Ke7 Bc6 117. Nc4 Rd7+ 118. Ke6 Rd1 119. Na5 Bd5+ 120. Ke5 Bh1 121. Bd6+ Kc8 122. Bc7 Rd5+ 123. Ke6 Rb5 124. Nc4 Bd5+ 125. Kd6 Bxc4 126. Kc6 Bf1 127. Bd6 Be2 128. Bc5 Kb8 129. Bd6+ Ka8 130. Bc5 Bc4 131. Bd6 Bd3 132. Bc5 Kb8 133. Bd6+ Kc8 134. Bc5 Bc4 135. Bd6 Be2 136. Bc5 Bd3 137. Bd6 Bc4 138. Bc5 Bd3 139. Bd6 Bc4 140. Bc5 Bd3 1/2-1/2

[Event "Titled Tuesday intern op 03rd Jan Late"]
[Site "Chess.com INT"]
[Date "2025.06.03"]
[Round "2"]
[White "Annaberdiyev, Babageldi"]
[Black "Materia, Marco"]
[Result "0-1"]
[WhiteElo "2208"]
[BlackElo "2489"]
[PlyCount "118"]
[EventDate "2025.06.03"]
[EventType "swiss (blitz)"]
[EventRounds "11"]
[EventCountry "USA"]
[SourceTitle "CB24_2025"]
[SourceDate "2025.06.11"]
[SourceVersion "1"]
[SourceVersionDate "2025.06.11"]
[SourceQuality "1"]

1. e4 c6 2. d4 d5 3. Nd2 dxe4 4. Nxe4 Bf5 5. Ng3 Bg6 6. h4 h6 7. Nf3 Nd7 8. h5 Bh7 9. Bc4 Ngf6 10. Qe2 e6 11. Ne5 Nxe5 12. dxe5 Nd5 13. 0-0 Qc7 14. Bxd5 cxd5 15. c3 Be7 16. f4 0-0-0 17. Be3 Kb8 18. a4 f6 19. Bd4 Rhf8 20. a5 Bc5 21. exf6 Rxf6 22. Kh2 Bxd4 23. cxd4 Rxf4 24. Qe3 Re4 25. Qc3 Qxc3 26. bxc3 Re3 27. Rf3 Rxf3 28. gxf3 Rc8 29. Ra3 Rc6 30. Ne2 Kc7 31. Nf4 Kd6 32. Rb3 Rc7 33. Kg3 Bc2 34. Rb2 Ba4 35. Ng6 Be8 36. Ne5 Bxh5 37. a6 b6 38. Rb3 Be8 39. Ra3 Bb5 40. f4 Ke7 41. Kg4 Be2+ 42. Kg3 Kf6 43. Kf2 Bb5 44. Kg3 Kf5 45. Kf3 Rc8 46. Ke3 h5 47. Nf3 Rh8 48. Ra2 h4 49. Rh2 h3 50. Ng5 Kg4 51. Kf2 Bxa6 52. Nxe6 Bd3 53. Nxg7 Be4 54. f5 Kg5 55. Kg3 Bg2 56. Ne6+ Kxf5 57. Nc7 Rg8+ 58. Kf2 Ke4 59. Nb5 a5 0-1

[Event "Titled Tuesday intern op 03rd Jan Late"]
[Site "Chess.com INT"]
[Date "2025.06.03"]
[Round "10"]
[White "Goryachkina, Aleksandra"]
[Black "Materia, Marco"]
[Result "0-1"]
[WhiteElo "2544"]
[BlackElo "2489"]
[PlyCount "48"]
[EventDate "2025.06.03"]
[EventType "swiss (blitz)"]
[EventRounds "11"]
[EventCountry "USA"]
[SourceTitle "CB24_2025"]
[SourceDate "2025.06.11"]
[SourceVersion "1"]
[SourceVersionDate "2025.06.11"]
[SourceQuality "1"]

1. d4 Nf6 2. c4 e6 3. Nf3 d5 4. Nc3 c6 5. Bg5 h6 6. Bxf6 Qxf6 7. e3 Nd7 8. Be2 g6 9. 0-0 Bg7 10. cxd5 exd5 11. b4 a6 12. a4 Nb6 13. b5 cxb5 14. axb5 a5 15. Ne5 0-0 16. f4 Be6 17. Na4 Nxa4 18. Rxa4 Rfc8 19. Bd3 Bf5 20. Qd2 b6 21. Bxf5 Qxf5 22. Nc6 Re8 23. h3 Qe4 24. Rf3 Qb1+ 0-1

[Event "Titled Tuesday intern op 03rd Jan Late"]
[Site "Chess.com INT"]
[Date "2025.06.03"]
[Round "3"]
[White "Materia, Marco"]
[Black "Carnicelli, Valerio"]
[Result "1-0"]
[WhiteElo "2489"]
[BlackElo "2396"]
[PlyCount "33"]
[EventDate "2025.06.03"]
[EventType "swiss (blitz)"]
[EventRounds "11"]
[EventCountry "USA"]
[SourceTitle "CB24_2025"]
[SourceDate "2025.06.11"]
[SourceVersion "1"]
[SourceVersionDate "2025.06.11"]
[SourceQuality "1"]

1. Nf3 Nf6 2. c4 b6 3. g3 Bb7 4. Bg2 e6 5. 0-0 c5 6. Nc3 Be7 7. Re1 d5 8. cxd5 Nxd5 9. Nxd5 Bxd5 10. e4 Bb7 11. d4 cxd4 12. Nxd4 0-0 13. Be3 Nc6 14. e5 Rc8 15. Qa4 Qd7 16. Rad1 Nxd4 17. Qxd7 1-0

[Event "Titled Tuesday intern op 03rd Jan Late"]
[Site "Chess.com INT"]
[Date "2025.06.03"]
[Round "9"]
[White "Materia, Marco"]
[Black "Yanev, Tihomir"]
[Result "1-0"]
[WhiteElo "2489"]
[BlackElo "2354"]
[PlyCount "57"]
[EventDate "2025.06.03"]
[EventType "swiss (blitz)"]
[EventRounds "11"]
[EventCountry "USA"]
[SourceTitle "CB24_2025"]
[SourceDate "2025.06.11"]
[SourceVersion "1"]
[SourceVersionDate "2025.06.11"]
[SourceQuality "1"]

1. Nf3 Nf6 2. c4 e6 3. b3 b6 4. Bb2 Bb7 5. g3 c5 6. Bg2 Be7 7. 0-0 0-0 8. Nc3 Nc6 9. d4 cxd4 10. Nxd4 Qb8 11. Nc2 Rd8 12. e4 d6 13. Qe2 a6 14. Rfd1 Qa7 15. a4 Rac8 16. Ne3 Qa8 17. Ba3 Ne5 18. f4 Ng6 19. e5 dxe5 20. Bxe7 Nxe7 21. fxe5 Nd7 22. Bxb7 Qxb7 23. Ng4 Nc5 24. b4 Nb3 25. Rxd8+ Rxd8 26. Rd1 Nd4 27. Qf2 Nef5 28. Ne3 Nf3+ 29. Qxf3 1-0

[Event "Titled Tuesday intern op 03rd Jan Late"]
[Site "Chess.com INT"]
[Date "2025.06.03"]
[Round "11"]
[White "Rojas Alarcon, Julian Antonio"]
[Black "Materia, Marco"]
[Result "0-1"]
[WhiteElo "2365"]
[BlackElo "2489"]
[PlyCount "84"]
[EventDate "2025.06.03"]
[EventType "swiss (blitz)"]
[EventRounds "11"]
[EventCountry "USA"]
[SourceTitle "CB24_2025"]
[SourceDate "2025.06.11"]
[SourceVersion "1"]
[SourceVersionDate "2025.06.11"]
[SourceQuality "1"]

1. c4 Nf6 2. g3 e6 3. Bg2 d5 4. Nf3 Nbd7 5. 0-0 c6 6. Qc2 Bd6 7. d4 Ne4 8. b3 Qe7 9. Bb2 0-0 10. Nc3 f5 11. Rad1 g5 12. e3 Qg7 13. cxd5 exd5 14. Ne1 Ndf6 15. Nd3 h5 16. f3 Nxc3 17. Bxc3 h4 18. Ne5 Qh6 19. Qd2 Be6 20. Bb4 Bxb4 21. Qxb4 hxg3 22. hxg3 Nh5 23. Qxb7 Nxg3 24. Rf2 f4 25. exf4 gxf4 26. Re1 Kh8 27. Qxc6 Rac8 28. Qd6 Qf6 29. Nd7 Bxd7 30. Qxd7 Qxd4 31. Qh3+ Kg8 32. Qg4+ Qg7 33. Qe6+ Qf7 34. Qg4+ Kh8 35. Re6 Qg7 36. Qh4+ Kg8 37. Kh2 Rf5 38. Re7 Qf6 39. Qxf6 Rxf6 40. Re5 Rc1 41. Kh3 Rg6 42. Rxd5 Rc7 0-1

[Event "Titled Tuesday intern op 03rd Jan Late"]
[Site "Chess.com INT"]
[Date "2025.06.03"]
[Round "5"]
[White "Serban, Cristian Stefan"]
[Black "Materia, Marco"]
[Result "0-1"]
[WhiteElo "2332"]
[BlackElo "2489"]
[PlyCount "88"]
[EventDate "2025.06.03"]
[EventType "swiss (blitz)"]
[EventRounds "11"]
[EventCountry "USA"]
[SourceTitle "CB24_2025"]
[SourceDate "2025.06.11"]
[SourceVersion "1"]
[SourceVersionDate "2025.06.11"]
[SourceQuality "1"]

1. d4 Nf6 2. c4 e6 3. Nf3 d5 4. g3 Bb4+ 5. Bd2 Bd6 6. Bg2 0-0 7. 0-0 Nbd7 8. Nc3 dxc4 9. Bg5 c6 10. Nd2 Nb6 11. Qc2 Be7 12. e3 Re8 13. Rfd1 Nfd5 14. Bxe7 Qxe7 15. Nce4 e5 16. Nxc4 exd4 17. Ncd6 dxe3 18. Nxe8 Qxe8 19. Nd6 Qe6 20. Nxc8 Rxc8 21. Re1 Nb4 22. Qe4 exf2+ 23. Kxf2 Qxe4 24. Bxe4 g6 25. a3 N4d5 26. Rad1 Kg7 27. Rd3 Rc7 28. b3 a5 29. Rc1 Nf6 30. Bf3 h5 31. Rc5 a4 32. b4 Nfd7 33. Rc1 Ne5 34. Rd4 Re7 35. Be2 Ned7 36. Re1 Re5 37. Bd3 Rxe1 38. Kxe1 Kf6 39. Kf2 Ke5 40. Re4+ Kd6 41. Rd4+ Nd5 42. Bc4 N7f6 43. Ba2 b5 44. Rd2 Ne4+ 0-1

[Event "Titled Tuesday intern op 20th May Late"]
[Site "Chess.com INT"]
[Date "2025.05.20"]
[Round "7"]
[White "Materia, Marco"]
[Black "Arabidze, Meri"]
[Result "1-0"]
[WhiteElo "2489"]
[BlackElo "2440"]
[PlyCount "93"]
[EventDate "2025.05.20"]
[EventType "swiss (blitz)"]
[EventRounds "11"]
[EventCountry "USA"]
[SourceTitle "CB22_2025"]
[SourceDate "2025.05.28"]
[SourceVersion "1"]
[SourceVersionDate "2025.05.28"]
[SourceQuality "1"]

1. Nf3 Nf6 2. g3 b6 3. Bg2 Bb7 4. 0-0 g6 5. d4 Bg7 6. c4 0-0 7. Nc3 Ne4 8. Qc2 Nxc3 9. bxc3 c5 10. e4 d6 11. Be3 Nc6 12. Rad1 Qc7 13. Rfe1 Na5 14. Nd2 Rac8 15. d5 Ba6 16. Bf1 e5 17. f4 exf4 18. Bxf4 Be5 19. Bxe5 dxe5 20. Bd3 Qd7 21. Rf1 f6 22. Rf2 Nb7 23. Nf1 Nd6 24. Ne3 Rf7 25. Rdf1 Rcf8 26. h4 Bc8 27. Qe2 h5 28. Rg2 Qh3 29. Qe1 Qd7 30. g4 hxg4 31. Nxg4 Qxg4 32. Rxg4 Bxg4 33. Rf2 Bh5 34. a4 Kh7 35. Kh2 Re7 36. Qe3 Ref7 37. a5 Re7 38. Rb2 f5 39. exf5 e4 40. fxg6+ Bxg6 41. Be2 Nf5 42. Qg5 Nh6 43. Qxe7+ Rf7 44. Qg5 e3 45. Qxe3 bxa5 46. Qxc5 Be4 47. Qe3 1-0

[Event "Titled Tuesday intern op 20th May Late"]
[Site "Chess.com INT"]
[Date "2025.05.20"]
[Round "10"]
[White "Materia, Marco"]
[Black "Praggnanandhaa, Rameshbabu"]
[Result "1/2-1/2"]
[WhiteElo "2489"]
[BlackElo "2758"]
[PlyCount "149"]
[EventDate "2025.05.20"]
[EventType "swiss (blitz)"]
[EventRounds "11"]
[EventCountry "USA"]
[SourceTitle "CB22_2025"]
[SourceDate "2025.05.28"]
[SourceVersion "1"]
[SourceVersionDate "2025.05.28"]
[SourceQuality "1"]

1. Nf3 b6 2. c4 Bb7 3. b3 Nf6 4. Bb2 c5 5. Nc3 g6 6. g3 Bxf3 7. exf3 Bg7 8. Bg2 0-0 9. f4 Nc6 10. 0-0 Rc8 11. Ne2 d5 12. cxd5 Nxd5 13. Bxg7 Kxg7 14. d4 Nxd4 15. Nxd4 Nc3 16. Nc6 Qxd1 17. Raxd1 Nxd1 18. Rxd1 Rc7 19. a4 a6 20. Bf3 Rfc8 21. Ne5 b5 22. axb5 axb5 23. Rc1 c4 24. bxc4 f6 25. Nd3 bxc4 26. Nb4 c3 27. Nd5 Ra7 28. Bg4 Rc5 29. Ne3 Ra2 30. Be6 Rb2 31. Kg2 f5 32. Nc4 Re2 33. Ne5 c2 34. Bb3 Rd2 35. Kf1 Rc3 36. Ke1 Rd8 37. Bxc2 Rd6 38. Ke2 Kf6 39. h4 h6 40. Nf3 Re6+ 41. Ne5 Rd6 42. Nxg6 Rdc6 43. Kd2 Rf3 44. Ne5 Rxf2+ 45. Kd3 Rc7 46. Nc4 Rg2 47. Ne3 Rxg3 48. Ke2 e6 49. Rd1 Rxe3+ 50. Kxe3 Rxc2 51. Rh1 Rg2 52. h5 Ra2 53. Kf3 Ke7 54. Rh4 Kd6 55. Rh1 Ra3+ 56. Kf2 Kd5 57. Rd1+ Kc6 58. Re1 Kd6 59. Rh1 Rd3 60. Rh2 Kd5 61. Rh1 Rb3 62. Re1 Kc6 63. Rxe6+ Kd5 64. Rxh6 Ke4 65. Ra6 Kxf4 66. h6 Rh3 67. Ra4+ Kg5 68. Ra6 f4 69. Ra8 Rxh6 70. Rg8+ Kf5 71. Rf8+ Ke4 72. Re8+ Kf5 73. Rf8+ Kg4 74. Rg8+ Kf5 75. Rf8+ 1/2-1/2